map mw3 - Statistiques

Statistiques générales
  • Ce quiz a été pris 128 fois
  • Le résultat moyen est 9 sur 17
Statistiques - réponses
Hint Réponse % Correct
T Terminal
91%
D Dome
90%
R Resistance
63%
V Village
60%
B Bakaara
56%
H Hardhat
56%
U Underground
56%
M Mission
51%
B Bootleg
50%
A Arkaden
49%
S Seatown
45%
F Fallen
41%
L Lockdown
37%
C Carbon
35%
D Downturn
32%
O Outpost
28%
I Interchange
27%
Aucun quiz correspondant
Distribution des résultats
% des personnes avec chaque résultat
Percentile par nombre de réponses
Votre historique - résultats
Vous n’avez pas pris ce quiz